000 00437nam a2200169Ia 4500
008 180207s9999 xx 000 0 und d
020 _a435903713
050 _bB631 2005
100 _aBlackstone, Stella.
245 _aBear in a square /
245 _cStella Blackstone ; illustrated by Debbie Harter /
260 _aLondon :
260 _bHeineman,
260 _c2005
300 _a24 pages :
300 _bcolor illustrations ;
999 _c355877
_d355877